[Event "GER-chT U14"]
[Site "Arendsee"]
[Date "2009.12.29"]
[Round "5.4"]
[White "Lorenz, Wenzel"]
[Black "Krummsdorf, Sven"]
[Result "0-1"]
[WhiteElo "1128"]
[BlackElo "1538"]
[PlyCount "70"]
[EventDate "2009.12.27"]
[EventType "team-swiss"]
[EventRounds "7"]
[EventCountry "GER"]
[SourceTitle "EXT 2022"]
[Source "ChessBase"]
[SourceDate "2021.10.06"]
[SourceVersion "1"]
[SourceVersionDate "2021.10.06"]
[SourceQuality "1"]
[WhiteTeam "Dresden Gruen Weiss U14"]
[BlackTeam "Welper SV U14"]
[WhiteTeamCountry "GER"]
[BlackTeamCountry "GER"]

1. e4 d5 2. exd5 Qxd5 3. Nc3 Qa5 4. d4 Nf6 5. Nf3 Bg4 6. Bc4 Nbd7 7. 0-0 e6 8. Bd2 c6 9. Nd5 Qd8 10. Ne3 Bh5 11. Bd3 Qc7 12. c4 Bd6 13. a3 0-0 14. Bb4 c5 15. dxc5 Bxh2+ 16. Kh1 Rfd8 17. Be2 Bf4 18. Bd2 Bxe3 19. Bxe3 Ng4 20. Qd6 Qc8 21. Qg3 Nxe3 22. fxe3 Qxc5 23. Bd3 Bxf3 24. Qxf3 Ne5 25. Qxb7 Nxd3 26. Qxf7+ Kh8 27. Qxe6 Nxb2 28. Rf7 Re8 29. Qg4 Rg8 30. Rb1 Qxe3 31. c5 Qxc5 32. Re1 Nd3 33. Qg3 Nxe1 34. Qxe1 Qh5+ 35. Kg1 Qxf7 0-1